00821pam a2200229 a 4500020002400000040002300024041001000047082001700057100002500074245005800099250001700157260004500174300001400219365001100233653001900244700005400263907001500317930000900332999001700341952012200358952011100480 c350.00 (Hard Cover) aDental College Lib aengh a617.692bELL aEllinger, Charles W. aSynopsis of Complete Denture / c.hTextual Documents a1st ed / b. aPhiladelphia : blea & Febiger , c1975. a362 ; c. a350.00 aProsthodontics aRayson, Jack H.aTerry, James M.aRahn, Arthur O. a0832  a1013 c40416d40416 001040708ReferenceaDCPbDCPd1900-01-01g350.00l0o617.692 ELLpDCP-0832r2023-02-24 00:00:00t2w2023-02-24yBK 00104070aDCPbDCPd1900-01-01g350.00l0o617.692 ELLpDCP-0831r2023-02-24 00:00:00t1w2023-02-24yBK